00500 a2200181 450000100060000002000180000604000220002410000210004624000350006724500300010230000080013236200090014044000120014965000240016194200070018595201090019299900170030168369 a9788516113346 cAnchieta - Pituba aGoulart, Shirley10aSingular & Plural 7° anolpor10aSingular & Plural 7° ano a3200 a2018 1aModerna 4aLíngua portuguesa cBK 00104070a91.1b91.1d2023-11-21l0o469 B197s BAL SINp23923/PITr2023-11-21 18:36:25w2023-11-21yBK c68369d68369